000 00302nam a22001337a 4500
008 171014b xxu||||| |||| 00| 0 eng d
020 _a9780071621380
041 _aeng
080 _a331
100 _a52
101 _aPUN
245 _aGET MORE MONEY ON YOUR NEXT JOB
_cMILLER, L.E
942 _2udc
_cBK
999 _c33918
_d33918